<?xml version="1.0" encoding="UTF-8"?><?xml-stylesheet type="text/xsl" href="static/style.xsl"?><OAI-PMH xmlns="http://www.openarchives.org/OAI/2.0/" xmlns:xsi="http://www.w3.org/2001/XMLSchema-instance" xsi:schemaLocation="http://www.openarchives.org/OAI/2.0/ http://www.openarchives.org/OAI/2.0/OAI-PMH.xsd"><responseDate>2026-06-03T08:58:14Z</responseDate><request verb="GetRecord" identifier="oai:riuma.uma.es:10630/40148" metadataPrefix="marc">https://riuma.uma.es/rest/oai/request</request><GetRecord><record><header><identifier>oai:riuma.uma.es:10630/40148</identifier><datestamp>2026-02-03T11:35:34Z</datestamp><setSpec>com_10630_2254</setSpec><setSpec>col_10630_37953</setSpec></header><metadata><record xmlns="http://www.loc.gov/MARC21/slim" xmlns:dcterms="http://purl.org/dc/terms/" xmlns:doc="http://www.lyncode.com/xoai" xmlns:xsi="http://www.w3.org/2001/XMLSchema-instance" xsi:schemaLocation="http://www.loc.gov/MARC21/slim http://www.loc.gov/standards/marcxml/schema/MARC21slim.xsd">
   <leader>00925njm 22002777a 4500</leader>
   <datafield ind2=" " ind1=" " tag="042">
      <subfield code="a">dc</subfield>
   </datafield>
   <datafield ind2=" " ind1=" " tag="720">
      <subfield code="a">Bermudo-Gamboa, Carolina</subfield>
      <subfield code="e">author</subfield>
   </datafield>
   <datafield ind2=" " ind1=" " tag="720">
      <subfield code="a">Martín-Béjar, Sergio</subfield>
      <subfield code="e">author</subfield>
   </datafield>
   <datafield ind2=" " ind1=" " tag="720">
      <subfield code="a">Bañón-García, Fermín</subfield>
      <subfield code="e">author</subfield>
   </datafield>
   <datafield ind2=" " ind1=" " tag="720">
      <subfield code="a">Sevilla-Hurtado, Lorenzo</subfield>
      <subfield code="e">author</subfield>
   </datafield>
   <datafield ind2=" " ind1=" " tag="260">
      <subfield code="c">2024</subfield>
   </datafield>
   <datafield ind2=" " ind1=" " tag="520">
      <subfield code="a">This research paper aims to enhance the fatigue resistance of polylactic acid (PLA) in Material Extrusion (ME) by incorporating natural reinforcement, focusing on rotational bending fatigue. The study investigates the fatigue behavior of PLA in ME, using various natural fibers such as cellulose, coffee, and flax as potential reinforcements. It explores the optimization of printing parameters to address challenges like warping and shrinkage, which can affect dimensional accuracy and fatigue performance, particularly under the rotational bending conditions analyzed. Cellulose emerges as the most promising natural fiber reinforcement for PLA in ME, exhibiting superior resistance to warping and shrinkage. It also demonstrates minimal geometrical deviations, enabling the production of components with tighter dimensional tolerances. Additionally, the study highlights the significant influence of natural fiber reinforcement on the dimensional deviations and rotational fatigue behavior of printed components. The fatigue resistance of PLA was significantly improved with natural fiber reinforcements. Specifically, PLA reinforced with cellulose showed an increase in fatigue life, achieving up to 13.7 MPa stress at 70,000 cycles compared to unreinforced PLA. PLA with coffee and flax fibers also demonstrated enhanced performance, with stress values reaching 13.6 MPa and 13.5 MPa, respectively, at similar cycle counts. These results suggest that natural fiber reinforcements can effectively improve the fatigue resistance and dimensional stability of PLA components produced by ME. This paper contributes to the advancement of additive manufacturing by introducing natural fiber reinforcement as a sustainable solution to enhance PLA performance under rotational bending fatigue conditions. It offers insights into the comparative effectiveness of natural fibers and synthetic counterparts, particularly emphasizing the superior performance of cellulose</subfield>
   </datafield>
   <datafield ind1="8" ind2=" " tag="024">
      <subfield code="a">Bermudo Gamboa, C.; Martín-Béjar, S.; Bañón García, F.; Sevilla Hurtado, L. Enhancing Fatigue Resistance of Polylactic Acid through Natural Reinforcement in Material Extrusion. Polymers 2024, 16, 2422. https://doi.org/10.3390/polym16172422</subfield>
   </datafield>
   <datafield ind1="8" ind2=" " tag="024">
      <subfield code="a">https://hdl.handle.net/10630/40148</subfield>
   </datafield>
   <datafield ind1="8" ind2=" " tag="024">
      <subfield code="a">https://doi.org/10.3390/polym16172422</subfield>
   </datafield>
   <datafield tag="653" ind2=" " ind1=" ">
      <subfield code="a">Extrusión</subfield>
   </datafield>
   <datafield tag="653" ind2=" " ind1=" ">
      <subfield code="a">Materiales - Fatiga</subfield>
   </datafield>
   <datafield tag="653" ind2=" " ind1=" ">
      <subfield code="a">Plásticos biodegradables</subfield>
   </datafield>
   <datafield ind2="0" ind1="0" tag="245">
      <subfield code="a">Enhancing Fatigue Resistance of Polylactic Acid through natural reinforcement in material extrusion.</subfield>
   </datafield>
</record>
</metadata></record></GetRecord></OAI-PMH>